Olympiacos FC Squad 2024-2025 - Statistics

General Stats
  • This quiz has been taken 167 times
    123 since last reset
  • The average score is 24 of 35
Answer Stats
# Position Nation Player % Correct
88 GK Greece Konstantinos Tzolakis
97%
9 FW Morocco Ayoub El Kaabi
94%
96 MF Greece Christos Mouzakitis
92%
23 DF Brazil Rodinei
92%
1 GK Greece Alexandros Paschalakis
91%
3 DF Argentina Francisco Ortega
91%
84 FW Greece Charalampos Kostoulas
87%
5 DF Italy Lorenzo Pirola
86%
10 FW Portugal Gelson Martins
85%
4 DF France Giulian Biancone
85%
45 DF Greece Panagiotis Retsos
84%
16 DF Angola David Carmo
83%
11 FW Norway Kristoffer Velde
82%
32 MF Argentina Santiago Hezze
80%
14 MF Spain Dani García
79%
17 FW Ukraine Roman Yaremchuk
79%
8 MF New Zealand Marko Stamenic
77%
- Coach Spain José Luis Mendilibar
76%
50 FW Honduras Luis Palma
74%
20 DF Portugal Costinha
72%
97 MF Turkey Yusuf Yazıcı
71%
19 FW Greece Georgios Masouras
70%
22 MF Portugal Chiquinho
69%
21 MF Portugal André Horta
66%
64 MF Greece Antonis Papakanellos
57%
31 GK Greece Nikolaos Botis
57%
99 GK Greece Alexandros Anagnostopoulos
55%
18 FW Brazil Willian
54%
29 MF Greece Theofanis Bakoulas
37%
74 DF Greece Andreas Ntoi
36%
65 DF Greece Apostolos Apostolopoulos
36%
70 DF Norway Bruno Onyemaechi
36%
27 MF Portugal Sérgio Oliveira
36%
30 DF Greece Athanasios Androutsos
28%
67 DF Greece Isidoros Koutsidis
26%
No matching quizzes found
Score Distribution
Percent of People with Each Score
Percentile by Number Answered
Your Score History
You have not taken this quiz since the last reset